000 00513nam a2200205Ia 4500
001 4059
003 IVS
005 20250626025606.0
008 211022s9999 xx 000 0 und d
040 _cIVS
082 _a746 SAM
100 _aSamira Maskatiya
245 4 _aThe Kantha of Bangadesh
260 _aKarachi
260 _bIndus Valley School
260 _c2000
300 _a60
856 _uhttps://drive.google.com/file/d/1NgOLkNh-ONrLssXFMOlPK70Y-PLempJK/view?usp=sharing
942 _cDISS
_2ddc
_n0
999 _c5862
_d5862